Dans quels départements sont ces villes de Bourgogne Franche Comté ? - Statistiques

Statistiques générales
  • Ce quiz a été pris 64 fois
  • Le résultat moyen est 12 sur 16
Statistiques - réponses
Hint Réponse % Correct
Dijon Côte d'Or
98%
Besançon Doubs
98%
Belfort Territoire de Belfort
98%
Nevers Nièvre
89%
Auxerre Yonne
87%
Vesoul
Haute Saône
80%
Dole Jura
80%
Beaune Côte d'Or
78%
Sens
Yonne
78%
Montbéliard Doubs
76%
Pontarlier
Doubs
74%
Lons le Saunier
Jura
72%
Chalon sur Saône Saône et Loire
72%
Mâcon Saône et Loire
70%
Le Creusot Saône et Loire
56%
Montceau les Mines
Saône et Loire
33%
Aucun quiz correspondant
Distribution des résultats
% des personnes avec chaque résultat
Percentile par nombre de réponses
Votre historique - résultats
Vous n’avez pas pris ce quiz